000
00330nam a2200145Ia 4500
008
100122s9999 xx 000 0 und d
082
_b
70324
_a
823
100
_a
MARTINI STEVE
245
_a
THE LIST
260
_b
HEADLINE BOOK PUBLISHING
_c
1997
300
_a
536
630
_a
THE LIST
730
_a
THE LIST
942
_c
BOOK
999
_c
382048
_d
382045